[Event "2022 Standard Chess Dropout Tournament, Round 3"]
[Site "SchemingMind.com"]
[Date "2022.12.17"]
[Round "3"]
[White "eliecercruzr"]
[Black "pjl1015"]
[Result "1/2-1/2"]
[WhiteCountry "CUB"]
[BlackCountry "USA"]
[WhiteElo "2245"]
[WhiteRD "82"]
[BlackElo "2425"]
[BlackRD "113"]
[GameID "729228"]

1. e4 e6 2. d4 d5 3. Nd2 c5 4. exd5 Qxd5 5. dxc5 Bxc5 6. Ngf3 Nf6 7. Bc4 Qd8 8. O-O O-O 9. Qe2 Nbd7 10. c3 Qc7
11. Ne4 Be7 12. Rd1 b6 13. Rd4 e5 14. Nxf6+ Bxf6 15. Rd1 Bb7 16. Bd5 Bxd5 17. Rxd5 Qc6 18. c4 e4 19. Qxe4 Rfe8 20. Qg4 Nc5
21. Be3 Re4 22. Qh5 g6 23. Qh3 Na4 24. Rad1 Nxb2 25. Rd6 Qc8 26. Qxc8+ Rxc8 27. Rc1 Bg7 28. c5 Rc4 29. c6 h6 30. h3 Rxc1+
31. Bxc1 a5 32. Nd4= Nc4 33. Rd7 Ne5 34. Rb7 Nxc6 35. Nxc6 Rxc6 36. Be3= Rc2 37. Rb8+ Kh7 38. Rb7 Rxa2 39. Rxf7 Kg8 40. Rb7 g5
41. Rxb6 a4 42. Rb8+ Kf7 43. Rb7+=
1/2-1/2

[Event "2022 Standard Chess Dropout Tournament, Round 3"]
[Site "SchemingMind.com"]
[Date "2022.12.14"]
[Round "3"]
[White "Jari Laine"]
[Black "splinter"]
[Result "1-0"]
[WhiteCountry "FIN"]
[BlackCountry "CAN"]
[WhiteElo "2570"]
[WhiteRD "86"]
[BlackElo "1837"]
[BlackRD "85"]
[GameID "729229"]

1. e4 c5 2. Nc3 Nc6 3. f4 e6 4. Nf3 d5 5. Bb5 d4 6. Bxc6+ bxc6 7. Ne2 d3 8. cxd3 Qxd3 9. Qa4 Ne7 10. Ne5 Qb5
11. Qc2 g6 12. d3 Bg7 13. a4 Qb7 14. Be3 f6 15. Nc4 O-O 16. Bxc5 Qd7 17. O-O Ba6 18. b4 Rfd8 19. Rad1 Bxc4 20. dxc4 Qc7
21. Nd4 Kf7 22. f5 exf5 23. Bxe7 Kxe7 24. exf5 gxf5 25. Qxf5 Rd6 26. c5 Rd5 27. Qxh7 Kf7 28. Rxf6+ Kxf6 29. Rf1+ Ke5 30. Nxc6+ Qxc6
31. Qxg7+ Ke4 32. Qg4+
1-0

[Event "2022 Standard Chess Dropout Tournament, Round 3"]
[Site "SchemingMind.com"]
[Date "2022.12.15"]
[Round "3"]
[White "Joe P"]
[Black "dpickin"]
[Result "1-0"]
[WhiteCountry "AUS"]
[BlackCountry "ENG"]
[WhiteElo "1830"]
[WhiteRD "97"]
[BlackElo "1467"]
[BlackRD "60"]
[GameID "729230"]

1. e4 c5 2. Nf3 d6 3. c3 g6 4. d4 Bg4 5. dxc5 Bxf3 6. Qxf3 dxc5 7. Bg5 Nf6 8. e5 h6 9. Bh4 Nd5 10. Bc4 Qb6
11. Bxd5 Qxb2 12. Bxf7+ Kd8 13. O-O Qxa1 14. Qxb7
1-0

[Event "2022 Standard Chess Dropout Tournament, Round 3"]
[Site "SchemingMind.com"]
[Date "2022.12.13"]
[Round "3"]
[White "Michael Christensen"]
[Black "Stephen Dunning"]
[Result "0-1"]
[WhiteCountry "GER"]
[BlackCountry "WLS"]
[WhiteElo "1870"]
[WhiteRD "76"]
[BlackElo "1889"]
[BlackRD "71"]
[GameID "729232"]

1. g3 d5 2. Bg2 e5 3. d3 Nc6 4. a3 Nf6 5. b4 Bd6 6. Bb2 O-O 7. Nd2 a5 8. b5 Na7 9. a4 c6 10. bxc6 Nxc6
11. e3 Bg4 12. Ne2 Rc8 13. h3 Bd7 14. c4 Nb4 15. Qb3 Qb6 16. cxd5 Nc2+ 17. Kf1 Qxb3 18. Nxb3 Nxa1 19. Bxa1 b6 20. Nd2 Bxa4
21. Nc3 Bd7 22. Ke2 b5 23. f4 exf4 24. gxf4 Rfe8 25. Kf2 b4 26. Ne2 Bb5 27. Nc1 Rc2 28. Rd1 a4
0-1

[Event "2022 Standard Chess Dropout Tournament, Round 3"]
[Site "SchemingMind.com"]
[Date "2022.12.13"]
[Round "3"]
[White "Steven DuCharme"]
[Black "Austin Lockwood"]
[Result "0-1"]
[WhiteCountry "USA"]
[BlackCountry "ENG"]
[WhiteElo "1515"]
[WhiteRD "67"]
[BlackElo "1847"]
[BlackRD "136"]
[GameID "729234"]

1. Nf3 Nf6 2. b3 d5 3. Bb2 e6 4. e3 Bd6 5. Be2 O-O 6. O-O Nc6 7. d3 e5 8. Nbd2 Bf5 9. a3 e4 10. dxe4 dxe4
11. Nd4 Nxd4 12. Bxd4 c5 13. Bc3 b6 14. Ra2 g6 15. Nc4 Nd5 16. Qd2 Nxc3 17. Qxc3 Bc7 18. g3 b5 19. Ne5 Bxe5 20. Qxe5 Qb6
21. c4 bxc4 22. Bxc4 Rfd8 23. f4 Re8 24. Qc3 Rad8 25. Rd2 Rxd2 26. Qxd2 Qd8 27. Rd1 Qxd2 28. Rxd2 Be6 29. Rd6 Bxc4 30. bxc4 Rb8
31. Rc6 Rb1+ 32. Kg2 Rb6 33. Rxc5 Rb2+ 34. Kh3 Rb3 35. Ra5 Rxe3 36. Rxa7 Rc3 37. Ra8+ Kg7 38. Re8 Rxc4 39. Kg2 Ra4 40. h3 f5
0-1

[Event "2022 Standard Chess Dropout Tournament, Round 3"]
[Site "SchemingMind.com"]
[Date "2022.12.13"]
[Round "3"]
[White "lawyertheologian"]
[Black "Matthew Bailey"]
[Result "0-1"]
[WhiteCountry "USA"]
[BlackCountry "ENG"]
[WhiteElo "2034"]
[WhiteRD "78"]
[BlackElo "2586"]
[BlackRD "75"]
[GameID "729235"]

1. e4 e5 2. Nf3 Nc6 3. Bc4 Bc5 4. c3 Nf6 5. Ng5 O-O 6. d3 h6 7. h4 d5 8. exd5 b5 9. Bb3 hxg5 10. hxg5 Ng4
11. dxc6 Bxf2+ 12. Kf1 Be3 13. Qe1 Qxd3+ 14. Qe2 Qf5+
0-1

[Event "2022 Standard Chess Dropout Tournament, Round 3"]
[Site "SchemingMind.com"]
[Date "2022.12.13"]
[Round "3"]
[White "Rubén Pulido "]
[Black "Keith McLaughlin"]
[Result "1-0"]
[WhiteCountry "CUB"]
[BlackCountry "ENG"]
[WhiteElo "2544"]
[WhiteRD "110"]
[BlackElo "2314"]
[BlackRD "118"]
[GameID "729236"]

1. e4 e5 2. Nf3 Nc6 3. Bb5 Nd4 4. Nxd4 exd4 5. O-O c6 6. Bc4 Nf6 7. d3 d5 8. exd5 Nxd5 9. Re1+ Be7 10. Bg5 f6
11. Bc1 O-O 12. Nd2 Bc5 13. Nb3 Bb6 14. Qh5 Kh8 15. a4 a5 16. Re2 Bd7 17. Bd2 Re8 18. Rae1 Rxe2 19. Qxe2 Qf8 20. Qh5 Nb4
21. Re4 Re8 22. Rh4 h6 23. Nxd4 Re5 24. Qf3 Qe7 25. Kf1 Bxd4 26. Rxd4 Nxc2 27. Re4 Rxe4 28. Qxe4 Qd8 29. Bb3 Bf5 30. Qxf5 Nd4
31. Qxa5 Qxa5 32. Bxa5 Nxb3 33. Bb4 Kg8 34. Ke2 Kf7 35. Ke3 Ke6 36. g4 g6 37. Ke4 Nc1 38. Bd2 Nb3 39. Be3 Kd6 40. d4
1-0

[Event "2022 Standard Chess Dropout Tournament, Round 3"]
[Site "SchemingMind.com"]
[Date "2022.12.13"]
[Round "3"]
[White "William Lindberg"]
[Black "Dan Geana"]
[Result "1/2-1/2"]
[WhiteCountry "USA"]
[BlackCountry "ROU"]
[WhiteElo "2467"]
[WhiteRD "71"]
[BlackElo "2562"]
[BlackRD "114"]
[GameID "729237"]

1. c4 e6 2. d4 d5 3. Nf3 Nf6 4. Nc3 Be7 5. Bf4 O-O 6. e3 b6 7. Qc2 Ba6 8. cxd5 Nxd5 9. Bxa6 Nxa6 10. O-O c5
11. Qe2 Nab4 12. dxc5 Nxc3 13. bxc3 Qd3 14. Qxd3 Nxd3 15. cxb6 axb6 16. Bc7 Nb2 17. Rfb1 Na4 18. Bxb6 Nxc3 19. Rb2 Rfb8 20. Rc2 Rxb6
21. Rxc3 Bf6 22. Nd4 h6 23. a3 Rba6 24. f4 Ra4 25. Rd3 g5 26. fxg5 hxg5 27. h3 Kg7 28. Kf2 Kg6 29. g4 Bxd4 30. exd4 Rd8
31. Ke2 Rd5 32. Ke3 Rda5 33. Kf3 Rd5 34. Rad1=
1/2-1/2

[Event "2022 Standard Chess Dropout Tournament, Round 3"]
[Site "SchemingMind.com"]
[Date "2022.12.12"]
[Round "3"]
[White "Juan Jose Rivas Maceda"]
[Black "NYNH"]
[Result "1-0"]
[WhiteCountry "PER"]
[BlackCountry "USA"]
[WhiteElo "2568"]
[WhiteRD "74"]
[BlackElo "2048"]
[BlackRD "122"]
[GameID "729238"]

1. e4 c5 2. Nf3 d6 3. Bb5+ Bd7 4. Bxd7+ Qxd7 5. O-O Nc6 6. Re1 Nf6 7. c3 e6 8. d4 cxd4 9. cxd4 d5 10. e5 Ne4
11. Nc3 Nxc3 12. bxc3 h6 13. Re3 Be7 14. Nd2 Na5 15. Rg3 g6 16. Rf3 Rc8 17. g3 Nc4 18. a4 h5 19. a5 h4 20. g4 Qc7
21. Nxc4 Qxc4 22. h3 Kf8 23. Kg2 Kg7 24. Qd2 g5 25. Ba3 Bd8 26. Bd6 Qb5 27. Qc1 Rh6 28. Rb1 Qa6 29. Qa3 Bxa5 30. Ra1 b6
31. Be7 Rg6 32. Bxg5 Qb7 33. Bxh4 Rc7 34. Bd8 Rd7 35. Bf6+ Kg8 36. h4 Rxg4+ 37. Kh3 Rg6 38. h5 Rxf6 39. Rg1+ Kh7 40. exf6 Rd8
41. Rg7+ Kh8 42. Qc1
1-0

[Event "2022 Standard Chess Dropout Tournament, Round 3"]
[Site "SchemingMind.com"]
[Date "2022.12.17"]
[Round "3"]
[White "Matthew Bailey"]
[Black "pnwmusichound"]
[Result "1-0"]
[WhiteCountry "ENG"]
[BlackCountry "USA"]
[WhiteElo "2584"]
[WhiteRD "73"]
[BlackElo "1799"]
[BlackRD "91"]
[GameID "729239"]

1. c4 g6 2. e4 Bg7 3. d4 e6 4. Nc3 Ne7 5. h4 d5 6. e5 c5 7. dxc5 Qc7 8. Nb5 Qxe5+ 9. Be2 O-O 10. Nf3 Qe4
11. Nd6 Qg4 12. Ne5 Qxg2 13. Bf3 Qxh1+ 14. Bxh1 Bxe5 15. Bh6 Rd8 16. Qf3 f5 17. O-O-O Bxd6 18. Qc3 e5 19. cxd6 Nec6 20. cxd5 Nd4
21. Qc7
1-0

[Event "2022 Standard Chess Dropout Tournament, Round 3"]
[Site "SchemingMind.com"]
[Date "2022.12.17"]
[Round "3"]
[White "Milan"]
[Black "Andrew Burruss"]
[Result "1-0"]
[WhiteCountry "CZE"]
[BlackCountry "USA"]
[WhiteElo "1886"]
[WhiteRD "111"]
[BlackElo "1324"]
[BlackRD "129"]
[GameID "729240"]

1. d4 d5 2. c4 dxc4 3. e3 e5 4. Bxc4 exd4 5. exd4 Nf6 6. Nf3 Bd6 7. Qe2+ Qe7 8. Qxe7+ Bxe7 9. O-O O-O 10. Re1 Bb4
11. Nc3 Re8 12. Bg5 Nbd7 13. Rxe8+ Nxe8 14. Re1 Kf8 15. a3 Bd6 16. Nb5 b6 17. Bd5 Rb8 18. Nxa7 Bb7 19. Bxb7 Rxb7 20. Nc6 f6
21. Bd2 Nb8 22. Nxb8 Rxb8 23. Bc3 c6 24. g3 h5 25. Nh4 Kf7 26. f4 Bc7 27. Kf2 Nd6 28. Kf3 Ra8 29. Bb4 Re8 30. Bxd6 Bxd6
31. Rxe8 Kxe8 32. f5 Kd7 33. Ke4 Kc7 34. a4 Kb7 35. Kd3 b5 36. axb5 cxb5 37. Ke4 Kc6 38. Nf3 Bb4 39. d5+ Kb6 40. Nd4 Bd6
41. Ne6 h4 42. gxh4 Bxh2 43. Nxg7 Kc5 44. h5 Be5 45. h6 Bxb2 46. h7 Kc4 47. h8=Q b4 48. Qh1 Be5 49. Ne8 b3 50. d6 Bxd6
51. Nxd6+ Kc3 52. Qc1+ Kb4 53. Qb2
1-0

[Event "2022 Standard Chess Dropout Tournament, Round 3"]
[Site "SchemingMind.com"]
[Date "2022.12.17"]
[Round "3"]
[White "Ninaner2"]
[Black "Giraldo Menendez Rodriguez"]
[Result "1/2-1/2"]
[WhiteCountry "NED"]
[BlackCountry "CUB"]
[WhiteElo "2281"]
[WhiteRD "96"]
[BlackElo "2556"]
[BlackRD "78"]
[GameID "729241"]

1. d4 Nf6 2. c4 e6 3. Nf3 d5 4. Nc3 Bb4 5. Bg5 h6 6. Qa4+ Nc6 7. Bxf6 Qxf6 8. e3 O-O 9. Bd3 dxc4 10. Bxc4 e5
11. O-O exd4 12. Nd5 Qd6 13. Nxb4 Nxb4 14. Rfd1 c5 15. exd4 Bg4 16. dxc5 Qxc5 17. Rac1 Qb6 18. Rc3 Nc6 19. Bxf7+ Rxf7 20. Qxg4 Qxb2
21. Qc4 Na5 22. Qd3 Nc6 23. Rc2 Qf6 24. Qb3 Ne5 25. Nxe5 Qxe5 26. h3 Qe7 27. Rdc1 Qf6 28. Re1 Kh7 29. Re6 Qd4 30. Re3 Qd1+
31. Kh2 Qd6+= 32. g3 Raf8 33. Kg2 b6 34. Qd3+ Qxd3 35. Rxd3 Rf6=
1/2-1/2

[Event "2022 Standard Chess Dropout Tournament, Round 3"]
[Site "SchemingMind.com"]
[Date "2022.12.13"]
[Round "3"]
[White "NYNH"]
[Black "The Chess Machine"]
[Result "1/2-1/2"]
[WhiteCountry "USA"]
[BlackCountry "ENG"]
[WhiteElo "2052"]
[WhiteRD "119"]
[BlackElo "2496"]
[BlackRD "78"]
[GameID "729242"]

1. d4 Nf6 2. c4 e6 3. Nc3 Bb4 4. Qc2 O-O 5. a3 Bxc3+ 6. Qxc3 b6 7. Bg5 Bb7 8. e3 d6 9. Ne2 Nbd7 10. Qd3 h6
11. Bh4 Ba6 12. Nc3 d5 13. Qd1 Bxc4 14. Bxc4 dxc4 15. Qa4 c5 16. Rd1 Qb8 17. Qxc4 b5 18. Qxb5 cxd4 19. Rxd4 Qxb5 20. Nxb5 Rab8
21. Nxa7 Rxb2 22. O-O Ra8 23. Nc6 Ra2 24. Rfd1 g5 25. Bg3 R2xa3=
1/2-1/2

[Event "2022 Standard Chess Dropout Tournament, Round 3"]
[Site "SchemingMind.com"]
[Date "2022.12.13"]
[Round "3"]
[White "peeuukoo"]
[Black "Edward Bishop"]
[Result "1-0"]
[WhiteCountry "FIN"]
[BlackCountry "ENG"]
[WhiteElo "1874"]
[WhiteRD "119"]
[BlackElo "1511"]
[BlackRD "93"]
[GameID "729244"]

1. d4 Nf6 2. c4 d5 3. Nc3 c6 4. Nf3 h6 5. h3 e6 6. e3 Bb4 7. Nd2 O-O 8. Bd3 dxc4 9. Bxc4 b5 10. Bd3 Re8
11. O-O a6 12. a3 Bxc3 13. bxc3 Bb7 14. Ne4 Nxe4 15. Bxe4 Qc7 16. Bc2 Nd7 17. Qd3 Nf6 18. e4 Rad8 19. e5 Nd5 20. a4 Ra8
21. Qh7+ Kf8 22. Ba3+ Ne7 23. Qh8#
1-0

[Event "2022 Standard Chess Dropout Tournament, Round 3"]
[Site "SchemingMind.com"]
[Date "2022.12.15"]
[Round "3"]
[White "Dan Geana"]
[Black "Andoni Zabala"]
[Result "1-0"]
[WhiteCountry "ROU"]
[BlackCountry "INT"]
[WhiteElo "2563"]
[WhiteRD "118"]
[BlackElo "1771"]
[BlackRD "81"]
[GameID "729245"]

1. e4 c6 2. Nf3 d5 3. exd5 cxd5 4. Ne5 Nc6 5. Bb5 Bd7 6. Nxd7 Qxd7 7. d4 a6 8. Be2 e6 9. O-O Bd6 10. c3 f5
11. Nd2 Nf6 12. Nf3 O-O 13. Bd3 Rae8 14. g3 Ne4 15. a4 Qf7 16. Nh4 g5 17. Bxe4 gxh4 18. Bf3 hxg3 19. fxg3 Qg7 20. Bh5 Re7
21. Kh1 Kh8 22. b3 e5 23. dxe5 Bxe5 24. Ba3 Bxc3 25. Bxe7 Nxe7 26. Ra2 d4 27. Bf3 Ng6 28. Raf2 Ne5 29. Qc2 b5 30. Bg2 b4
31. Rxf5 Rxf5 32. Qxf5 Ng4 33. Qc8+ Qg8 34. Rf8
1-0

[Event "2022 Standard Chess Dropout Tournament, Round 3"]
[Site "SchemingMind.com"]
[Date "2022.12.14"]
[Round "3"]
[White "PION4290"]
[Black "Diadoco"]
[Result "0-1"]
[WhiteCountry "CAN"]
[BlackCountry "MEX"]
[WhiteElo "1613"]
[WhiteRD "89"]
[BlackElo "2033"]
[BlackRD "106"]
[GameID "729246"]

1. Nf3 d5 2. d4 c5 3. Bf4 Nc6 4. e3 Nf6 5. Bd3 Bg4 6. c3 e6 7. Nbd2 Bd6 8. Bg3 O-O 9. Qb1 Ne7 10. Ne5 Bf5
11. Ndf3 Bxd3 12. Qxd3 Ne4 13. Bh4 f6 14. Ng4 h5 15. Nh6+ gxh6 16. Nd2 Nxd2 17. Kxd2 Qe8 18. f4 Qg6 19. Qxg6+ Nxg6 20. Bf2 cxd4
21. cxd4 Rac8 22. a3 e5 23. dxe5 fxe5 24. g3 Rc6 25. Rac1 Rfc8 26. h3 Rxc1 27. Rxc1 Rxc1 28. Kxc1 exf4 29. exf4 b6 30. Be3 Ne7
31. g4 hxg4 32. hxg4 Kh7 33. f5 Be5 34. b4 Ng8 35. Kc2 Nf6 36. g5 hxg5 37. Bxg5 Ne4 38. Bh4 Kg7 39. Kd3 Nd6 40. f6+ Bxf6
41. Bxf6+ Kxf6 42. Kd4 Ke6 43. a4 Nf5+ 44. Kd3 Ke5
0-1

[Event "2022 Standard Chess Dropout Tournament, Round 3"]
[Site "SchemingMind.com"]
[Date "2022.12.17"]
[Round "3"]
[White "pjl1015"]
[Black "Carlos Vila Hernández"]
[Result "1/2-1/2"]
[WhiteCountry "USA"]
[BlackCountry "CUB"]
[WhiteElo "2444"]
[WhiteRD "118"]
[BlackElo "2555"]
[BlackRD "88"]
[GameID "729247"]

1. d4 Nf6 2. c4 e6 3. Nc3 Bb4 4. e3 O-O 5. Bd3 d5 6. Nf3 c5 7. O-O Nc6 8. cxd5 exd5 9. dxc5 Bxc5 10. b3 Bg4
11. Bb2 a6 12. h3 Bh5 13. Be2 Qd6 14. Rc1 Bg6 15. Nh4 Rad8 16. Bf3 Ba3 17. Nxg6 hxg6 18. Bxa3 Qxa3 19. Nxd5 Nxd5 20. Bxd5 Nb4
21. e4 Qxa2 22. Rc7 Nxd5 23. exd5 Qa5 24. Rxb7 Rxd5 25. Qe2 Re5 26. Qc4 Re6= 27. b4 Qd8 28. Ra7 Qb8 29. Rxa6 Rxa6 30. Qxa6 Qxb4
31. Qd3 Re8 32. g3=
1/2-1/2

[Event "2022 Standard Chess Dropout Tournament, Round 3"]
[Site "SchemingMind.com"]
[Date "2022.12.12"]
[Round "3"]
[White "pmdpsp"]
[Black "FransEvers"]
[Result "0-1"]
[WhiteCountry "GER"]
[BlackCountry "NED"]
[WhiteElo "1755"]
[WhiteRD "85"]
[BlackElo "2100"]
[BlackRD "112"]
[GameID "729248"]

1. e4 d6 2. Nc3 Nf6 3. d4 e5 4. dxe5 dxe5 5. Qxd8+ Kxd8 6. Bg5 Nd7 7. O-O-O Be7 8. Bc4 Ke8 9. f4 c6 10. fxe5 Ng4
11. Nh3 Ndxe5 12. Bb3 Bxg5+ 13. Nxg5 h6 14. Nxf7 Nxf7 15. Rhf1 Nge5 16. h3 Ke7 17. Na4 Be6 18. Nc5 Bxb3 19. Nxb3 Rhd8 20. Rd2 Rxd2
21. Nxd2 Rd8 22. b3 b5 23. Nf3 Nxf3 24. gxf3 g5 25. a3 Ke6 26. Kb2 Ke5 27. Kc3 a5 28. b4 a4 29. Rf2 Rd4 30. Rf1 Nd6
31. Rf2 Nc4 32. Re2 Nxa3 33. Kb2 Nc4+ 34. Ka2 Rd1 35. Rf2 Rh1
0-1

[Event "2022 Standard Chess Dropout Tournament, Round 3"]
[Site "SchemingMind.com"]
[Date "2022.12.17"]
[Round "3"]
[White "pnwmusichound"]
[Black "Steven DuCharme"]
[Result "1-0"]
[WhiteCountry "USA"]
[BlackCountry "USA"]
[WhiteElo "1799"]
[WhiteRD "91"]
[BlackElo "1545"]
[BlackRD "64"]
[GameID "729249"]

1. c4 Nf6 2. d4 e6 3. g3 c5 4. dxc5 Bxc5 5. Bg2 Qb6 6. e3 Nc6 7. Nf3 O-O 8. O-O d5 9. Nbd2 Bxe3 10. fxe3 Qxe3+
11. Kh1 Ng4 12. Ne4 Qxe4 13. Ng5 Qxc4 14. b3 Qc3 15. Ba3 Ne3 16. Qh5
1-0

[Event "2022 Standard Chess Dropout Tournament, Round 3"]
[Site "SchemingMind.com"]
[Date "2022.12.17"]
[Round "3"]
[White "Robert Hatfield"]
[Black "Milan"]
[Result "1/2-1/2"]
[WhiteCountry "USA"]
[BlackCountry "CZE"]
[WhiteElo "1821"]
[WhiteRD "64"]
[BlackElo "1882"]
[BlackRD "103"]
[GameID "729250"]

1. c4 c5 2. Nf3 Nf6 3. Nc3 Nc6 4. g3 g6 5. Bg2 Bg7 6. O-O O-O 7. e3 d6 8. h3 Be6 9. b3 h6 10. Bb2 Qd7
11. Kh2 d5 12. d3 Rfd8 13. Ne2 dxc4 14. dxc4 Qxd1 15. Raxd1 Rxd1 16. Rxd1 Rd8 17. Rxd8+ Nxd8 18. Ne5 b6 19. Nf4 Bf5 20. Nfd3 Bxd3
21. Nxd3 Nd7 22. f4 Bxb2 23. Nxb2 f6 24. e4=
1/2-1/2

[Event "2022 Standard Chess Dropout Tournament, Round 3"]
[Site "SchemingMind.com"]
[Date "2022.12.14"]
[Round "3"]
[White "Rommel85"]
[Black "carra1971"]
[Result "1/2-1/2"]
[WhiteCountry "CUB"]
[BlackCountry "CUB"]
[WhiteElo "2457"]
[WhiteRD "95"]
[BlackElo "2471"]
[BlackRD "99"]
[GameID "729251"]

1. e4 c5 2. Nf3 Nc6 3. Nc3 g6 4. d4 cxd4 5. Nxd4 Bg7 6. Be3 Nf6 7. Bc4 O-O 8. Bb3 d5 9. exd5 Na5 10. a3 Nxb3
11. Nxb3 b6 12. Qd2 Qd7 13. O-O-O Bb7 14. f3 Rfd8 15. d6 Qxd6 16. Qxd6 Rxd6 17. Rxd6 exd6 18. Bd4 Bh6+ 19. Kb1 Nd5 20. Nxd5 Bxd5
21. Rd1 Bf4 22. g3 Bg5 23. f4=
1/2-1/2

[Event "2022 Standard Chess Dropout Tournament, Round 3"]
[Site "SchemingMind.com"]
[Date "2022.12.14"]
[Round "3"]
[White "Stephen Dunning"]
[Black "Chashird"]
[Result "1-0"]
[WhiteCountry "WLS"]
[BlackCountry "ENG"]
[WhiteElo "1837"]
[WhiteRD "80"]
[BlackElo "1347"]
[BlackRD "118"]
[GameID "729252"]

1. e4 e5 2. Nf3 Bd6 3. Bc4 Nf6 4. d4 Nxe4 5. dxe5 Be7 6. Qd5 O-O 7. Qxe4 d6 8. O-O Nc6 9. Bf4 dxe5 10. Nxe5 Qd4
11. Nc3 Be6 12. Bxe6 fxe6 13. Nxc6
1-0

[Event "2022 Standard Chess Dropout Tournament, Round 3"]
[Site "SchemingMind.com"]
[Date "2022.12.13"]
[Round "3"]
[White "southpolarice"]
[Black "witkatz"]
[Result "1-0"]
[WhiteCountry "AUS"]
[BlackCountry "GER"]
[WhiteElo "2026"]
[WhiteRD "97"]
[BlackElo "1754"]
[BlackRD "76"]
[GameID "729253"]

1. d4 d5 2. c4 c6 3. Nf3 dxc4 4. e3 b5 5. a4 e6 6. axb5 cxb5 7. b3 Bb4+ 8. Bd2 Bxd2+ 9. Nbxd2 Nf6 10. bxc4 bxc4
11. Bxc4 O-O 12. O-O Bb7 13. Qe2 a5 14. Rfb1 Qc7 15. Rb3 a4 16. Rba3 Bc6 17. Bb5 Nd5 18. Bxc6 Nxc6 19. Qc4 Rfc8 20. Ne1 Ncb4
21. Qxc7 Rxc7 22. Rxa4 Rxa4 23. Rxa4 g6 24. Ra1 Nc2 25. Ra8+ Kg7 26. Nef3 f6 27. g3 Ncb4 28. e4 Ne7 29. Ra4 Nec6 30. Kg2 Ra7
31. Rxa7+ Nxa7 32. Nb3 Nac6 33. Kf1 Kf7 34. Ke2 Ke7 35. Kd2 Kd6 36. Kc3 Na6 37. Kc4 Nc7 38. Nfd2 h5 39. f4 g5 40. e5+ fxe5
41. fxe5+ Nxe5+ 42. dxe5+ Kxe5 43. h3 Nd5 44. Nf3+ Kf5 45. Nbd4+ Ke4 46. Nxg5+ Ke3 47. Ndxe6 Nf6 48. Ng7 Kf2 49. Nf5 Kg2 50. Kd4 Nh7
51. Nxh7 Kxh3 52. Ke4 Kg4 53. Nf6+ Kg5 54. Ke5 Kg6 55. Nxh5 Kxh5 56. Kf6 Kg4 57. Kg6
1-0

[Event "2022 Standard Chess Dropout Tournament, Round 3"]
[Site "SchemingMind.com"]
[Date "2022.12.14"]
[Round "3"]
[White "splinter"]
[Black "Mike Winslow"]
[Result "0-1"]
[WhiteCountry "CAN"]
[BlackCountry "USA"]
[WhiteElo "1814"]
[WhiteRD "86"]
[BlackElo "1939"]
[BlackRD "95"]
[GameID "729254"]

1. c4 Nf6 2. g3 e5 3. Bg2 c6 4. Nc3 d5 5. cxd5 cxd5 6. d3 Nc6 7. Nf3 Be6 8. O-O Bc5 9. Qb3 Qc7 10. Qb5 Qb6
11. Qxb6 Bxb6 12. a3 O-O 13. b4 Rac8 14. Bb2 a5 15. bxa5 Bxa5 16. Nb5 d4 17. e3 dxe3 18. fxe3 Ng4 19. e4 Rfd8 20. d4 exd4
21. Nbxd4 Bb6 22. Rfd1 Ne3 23. Rd3 Nc4 24. Bc3 N4e5 25. Rdd1 Nxf3+ 26. Bxf3 Nxd4 27. Bxd4 Bxd4+ 28. Kf1 Bxa1 29. Rxa1 Rd2
0-1

[Event "2022 Standard Chess Dropout Tournament, Round 3"]
[Site "SchemingMind.com"]
[Date "2022.12.13"]
[Round "3"]
[White "spoke"]
[Black "Glenn O'Brien"]
[Result "0-1"]
[WhiteCountry "GER"]
[BlackCountry "AUS"]
[WhiteElo "1786"]
[WhiteRD "70"]
[BlackElo "2044"]
[BlackRD "86"]
[GameID "729255"]

1. e4 e5 2. Nf3 Nc6 3. Bc4 Nf6 4. Ng5 d5 5. exd5 Na5 6. Bb5+ c6 7. dxc6 bxc6 8. Be2 h6 9. Nf3 e4 10. Ne5 Bd6
11. d4 exd3 12. Nxd3 Qc7 13. b3 O-O 14. Bb2 Ne4 15. Nd2 f5 16. Nf3 c5 17. Be5 Bb7 18. Bxd6 Qxd6 19. O-O Nc6 20. Nb2 Rad8
21. Qxd6 Rxd6 22. Rad1 Nd4 23. Nxd4 cxd4 24. Bf3 Rd5 25. Nd3 g5 26. Rfe1 Rb5 27. a4 Rb6 28. Ne5 Rd8 29. h3 Re6 30. Nc4 Ree8
31. Bh5 Rf8 32. f3 Nc3 33. Rd3 Bc8 34. Re7 Nd5 35. Rxa7 Nf4 36. g4 Nxd3 37. cxd3 fxg4 38. Bxg4 Bxg4 39. fxg4 Rf3 40. Ne5 Rxh3
41. Kg2 Re3 42. Nf7 Rb8 43. Nxh6+ Kf8 44. Rf7+ Ke8 45. Rg7 Rxb3
0-1

[Event "2022 Standard Chess Dropout Tournament, Round 3"]
[Site "SchemingMind.com"]
[Date "2022.12.13"]
[Round "3"]
[White "superlychee"]
[Black "Ricardo Martinez Puigros"]
[Result "1/2-1/2"]
[WhiteCountry "GER"]
[BlackCountry "ESP"]
[WhiteElo "2139"]
[WhiteRD "127"]
[BlackElo "2520"]
[BlackRD "106"]
[GameID "729256"]

1. d4 Nf6 2. Nc3 d5 3. Bf4 a6 4. e3 e6 5. g4 Bb4 6. Ne2 b5 7. a3 Be7 8. g5 Nh5 9. h4 Nxf4 10. Nxf4 Qd6
11. Nd3 Nd7 12. f4 c5 13. Bg2 Bb7 14. Qf3 O-O 15. O-O Qc7 16. Bh3 f5 17. Ne2 a5 18. dxc5 Nxc5 19. Nd4 Nxd3 20. cxd3 Qb6
21. Qf2 b4 22. axb4 Bxb4 23. Rfc1 Rfc8 24. Nf3 Ba6 25. Bf1 Bd6 26. d4 Bxf1 27. Kxf1 a4 28. Qe2 Rab8 29. Rxc8+ Rxc8 30. Rxa4 Qb3
31. Ra6 Rc2=
1/2-1/2

[Event "2022 Standard Chess Dropout Tournament, Round 3"]
[Site "SchemingMind.com"]
[Date "2022.12.14"]
[Round "3"]
[White "The Chess Machine"]
[Black "echecs"]
[Result "1-0"]
[WhiteCountry "ENG"]
[BlackCountry "ENG"]
[WhiteElo "2550"]
[WhiteRD "82"]
[BlackElo "1854"]
[BlackRD "92"]
[GameID "729257"]

1. e4 e5 2. Nf3 Nc6 3. Bc4 Be7 4. d4 exd4 5. Nxd4 Ne5 6. Bb3 d6 7. f4 Ng6 8. Nc3 Nf6 9. f5 Ne5 10. Bf4 Ned7
11. Bxf7+ Kxf7 12. Ne6 Qg8 13. Nxc7 Rb8 14. Bxd6 Qd8 15. Qe2 Bxd6 16. Qc4+ Ke7 17. Qe6+ Kf8 18. Qxd6+ Kg8 19. e5 Ne8 20. Qd5+
1-0

[Event "2022 Standard Chess Dropout Tournament, Round 3"]
[Site "SchemingMind.com"]
[Date "2022.12.17"]
[Round "3"]
[White "John C. Walton"]
[Black "Rubén Pulido "]
[Result "1/2-1/2"]
[WhiteCountry "USA"]
[BlackCountry "CUB"]
[WhiteElo "2590"]
[WhiteRD "104"]
[BlackElo "2531"]
[BlackRD "108"]
[GameID "729259"]

1. d4 Nf6 2. c4 e6 3. Nc3 Bb4 4. f3 c5 5. d5 O-O 6. e4 b5 7. Nh3 bxc4 8. Bxc4 exd5 9. Bxd5 Nxd5 10. Qxd5 Ba6
11. Bf4 Nc6 12. Kf2 c4 13. Rhd1 Be7 14. Bd6 Qb6+ 15. Kg3 Bxd6+ 16. Qxd6 Qxb2 17. Rac1 Rae8 18. Nf4 f5 19. h3 Rf6 20. Qd2 Qb8
21. Rb1 Qe5 22. Qd5+ Rf7 23. Qxe5 Rxe5 24. exf5 Rexf5 25. Nfd5 Re5 26. Nc7 Bc8 27. N7b5 Rf8 28. Kf2 h6 29. Rd2 Re6 30. Rd6 Kh7
31. Rbd1 Re7 32. Nd5 Re5 33. Na3=
1/2-1/2